Conflicting signals over clusters. (Record no. 60770)

MARC details
000 -LEADER
fixed length control field 00640cam a2200181 4500
001 - CONTROL NUMBER
control field ABS61093
008 - FIXED-LENGTH DATA ELEMENTS--GENERAL INFORMATION
fixed length control field 000000n1999 000 0 eng u
035 ## - SYSTEM CONTROL NUMBER
System control number (Sirsi) u101642
100 ## - MAIN ENTRY--PERSONAL NAME
Personal name Green, C.
245 ## - TITLE STATEMENT
Title Conflicting signals over clusters.
260 ## - PUBLICATION, DISTRIBUTION, ETC.
Date of publication, distribution, etc. 1999
490 ## - SERIES STATEMENT
Series statement Planning (for the Natural and Built Environment)
Volume/sequential designation (1333) 27 August 1999, 12(1)
520 ## - SUMMARY, ETC.
Summary, etc. High tech firms are vital to Britain's future prosperity - but how far can towns go to accommodate their development plans? (Taken from journal headnote.)
650 ## - SUBJECT ADDED ENTRY--TOPICAL TERM
Topical term or geographic name entry element PLANNING
650 ## - SUBJECT ADDED ENTRY--TOPICAL TERM
Topical term or geographic name entry element HIGH TECH
690 ## - LOCAL SUBJECT ADDED ENTRY--TOPICAL TERM (OCLC, RLIN)
Topical term or geographic name as entry element PROPERTY-PROPERTY DEVELOPMENT
942 ## - ADDED ENTRY ELEMENTS (KOHA)
Suppress in OPAC 0
Holdings
Withdrawn status Lost status Source of classification or shelving scheme Damaged status Not for loan Home library Current library Shelving location Date acquired Total Checkouts Full call number Barcode Date last seen Copy number Price effective from Koha item type
    Dewey Decimal Classification     London London Journal article 09/11/1999   ABS61093 101642-1001 06/08/2019 1 06/08/2019 Journal article